000
00272nam a22001217a 4500
008
170913b xxu||||| |||| 00| 0 eng d
041
_a
eng
080
_a
53
100
_a
43
101
_a
FIZ
245
_a
MODERN PHYSICS AND ANCIENT FAIT
_c
BARR.S.M
942
_2
udc
_c
BK
999
_c
27444
_d
27444